000 01153nam a2200337 c 4500
003 BLK
005 20180422102805.0
008 180408b bul|||||r ||||||| ||bul||
010 _aKNG00070183000
020 _a954-9608-23-9
_bиздат.: РАТА
040 _aBLK
041 _aBUL
_cBUL
080 _aИкономически закони
_b330.113
_x
_z330.113
100 1 _aСмит, Адам
_eпърви автор
_9292680
700 1 _aГеоргиев, Георги
_eпрев.
_gСтоянов, Георги Георгиев
_9363547
139 _aСмит, Адам
_bС 47
245 1 0 _aБогатството на народите
_cАдам Смит; прев. Георги Георгиев.
257 _aGBR
260 София
_bРАТА
_c2006
300 _a902 с.
_c22 см
380 _a3
650 4 _aИкономически науки - история
_9243424
653 _aикономически науки
653 _aзакони
653 _aкапитализъм
852 _aЦб 230539
856 4 _qpdf
_u
856 4 _qpdf
_u
942 _cKNG
_n0
944 _aCR
_c21.12.2006
_kЦветанка_Енчева
944 _aED
_c08.01.2007
_k
999 _c65901
_d65901